000 00573nam a2200229 i 4500
001 bg
100 1 _aSAWICKA, Małgorzata
245 1 0 _aPaint Shop Pro 5 od A do Z /
_cMałgorzata Sawicka.
260 _aWarszawa :
_bMikom,
_c1998.
300 _a84 s. :
_bfot., rys. ;
_c24 cm.
490 1 _aOd A do Z
650 9 _aPaint Shop
655 _aPodręczniki
830 _aOd A do Z
020 _a8371581017
040 _cBPK
041 0 _apl
080 _a004.42:004.92](07)
920 _a83-7158-101-7
942 _cKS
008 s pl f |000 0 pol
999 _c33526
_d33526
856 _uhttp://koha.tu.koszalin.pl/cgi-bin/koha/opac-detail.pl?biblionumber=33526
_yKatalog online BPK